Etica como amor propio

保存先:
書誌詳細
第一著者: Savater, Fernando (著者)
フォーマット: 図書
言語:スペイン語
出版事項: Barcelona Ariel S. A 2008
版:1a. ed
シリーズ:BFS, 10
主題:
タグ: タグ追加
タグなし, このレコードへの初めてのタグを付けませんか!

MARC

LEADER 00000cam a2200000 a 4500
001 UCF7555
003 CL-VaPUC
008 130627e20080900SP |||||||||||||||||spa|d
020 |a 9788434453937 
082 0 4 |a 170  |b SAV  |2 21 
100 0 |a Savater, Fernando  |e author  |9 569602 
245 1 0 |a Etica como amor propio 
250 |a 1a. ed 
300 |a 348 p 
942 |c BK 
945 |d 20130627 00:00:00  |a dcastane 
260 |a Barcelona  |b Ariel S. A  |c 2008 
650 0 |a Ética  |9 255099 
650 0 |a Moral  |9 265913 
650 0 |a Amor propio  |9 569603 
650 0 |a Individualismo  |9 313336 
650 0 |a Virtud y vicio  |9 310637 
583 |a last modification  |c 20130627 13:18:00  |k Rodrigo Vera 
490 0 |a BFS, 10 
999 |c 352373  |d 352371